00420nam a2200169Ia 4500008004100000020001400041245003000055245004700085260001500132260001600147260000900163300001500172300002500187300001000212440002000222500000800242170705s9999 xx 000 0 und d a590466372 aHorrible Harry's secret / cSuzy Kline ; pictures by Frank Remkiewicz. aNew York : bScholastic, c1990 a51 pages : bcolor illustration ; c20cm. aHorrible Harry. a450